| 000 | 00678nam a2200181 a 4500 | ||
|---|---|---|---|
| 008 | 100628s2005 ||||||||||||||||| || u | ||
| 050 | _aIBRD(08) | ||
| 100 | _aLokshin, Michael | ||
| 245 | 1 | 0 |
_aWho bears the cost of Russia's military draft? _cby Michael Lokshin; Ruslan Yemtsov |
| 260 |
_aWashington, D. C. _bWorld Bank _c2005 |
||
| 300 | _a32p.: ill | ||
| 350 | _a0.00 | ||
| 490 | _aPolicy Research Working Paper | ||
| 650 | _aMILITARY ADMINISTRATION | ||
| 650 | _aRUSSIA | ||
| 700 | _aYemtsov, Ruslan | ||
| 995 |
_D0.00 _FCBU-MAIN LIBRARY (Kitwe) _H1 _I0.00 _M1 _UAVAILABLE _WJun 28, 2010 _ZInternational Publications |
||
| 999 |
_c61714 _d61714 |
||